[Event "Turniej Niepodleglosci 2023"]
[Site "Warsaw POL"]
[Date "2023.11.11"]
[Round "1.1"]
[White "Piorun, Kacper"]
[Black "Goraj, Barbara"]
[Result "1-0"]
[WhiteElo "2502"]
[BlackElo "2022"]
[PlyCount "67"]

1.d4 d5 2.Nf3 Nf6 3.e3 e6 4.Bd3 c5 5.b3 Nc6 6.Bb2 Be7 7.O-O O-O 8.Nbd2 b6 9.a3 
Bb7 10.Qe2 cxd4 11.exd4 Bd6 12.Ne5 Ne7 13.f4 g6 14.Rae1 Rc8 15.g4 Qc7 16.Rf2 
Rce8 17.Qf3 Nd7 18.Rfe2 Nc6 19.Nf1 Re7 20.Ng3 Rfe8 21.g5 Rf8 22.Qg4 f5 23.gxf6 
Nxf6 24.Qh4 Bxe5 25.fxe5 Ne8 26.Bc1 Nd8 27.Rg2 Ng7 28.Bg5 Ref7 29.Bf6 Qc8 
30.Nh5 Nf5 31.Bxf5 exf5 32.Nf4 Rxf6 33.exf6 Qc3 34.Nxg6 1-0

[Event "Turniej Niepodleglosci 2023"]
[Site "Warsaw POL"]
[Date "2023.11.11"]
[Round "1.2"]
[White "Golecki, Jan"]
[Black "Heberla, Bartlomiej"]
[Result "0-1"]
[WhiteElo "2020"]
[BlackElo "2481"]
[PlyCount "56"]

1.e4 e6 2.d4 d5 3.Nd2 c5 4.Ngf3 Nc6 5.dxc5 Bxc5 6.c4 Nf6 7.Bd3 dxe4 8.Bxe4 Nxe4 
9.Nxe4 Qxd1+ 10.Kxd1 Be7 11.Bf4 O-O 12.c5 b6 13.cxb6 axb6 14.Ke2 Ba6+ 15.Ke1 e5 
16.Bd2 f5 17.Ng3 e4 18.Rc1 Bc5 19.Ng5 Ne5 20.Rc3 Nd3+ 21.Rxd3 Bxd3 22.a3 Rae8 
23.Bc3 f4 24.Nh5 f3 25.gxf3 exf3+ 26.Kd2 Bg6 27.Ng3 Bxf2 28.Rf1 Be3+ 0-1

[Event "Turniej Niepodleglosci 2023"]
[Site "Warsaw POL"]
[Date "2023.11.11"]
[Round "1.3"]
[White "Krasenkow, Michal"]
[Black "Alvarado, Carlos"]
[Result "1-0"]
[WhiteElo "2435"]
[BlackElo "2016"]
[PlyCount "85"]

1.d4 d5 2.c4 e6 3.Nc3 Nf6 4.cxd5 exd5 5.Bg5 c6 6.e3 Be7 7.Bd3 Nbd7 8.Nge2 Nh5 
9.Bxe7 Qxe7 10.Rb1 a5 11.a3 Nhf6 12.b4 axb4 13.axb4 O-O 14.O-O b5 15.Qb3 Nb6 
16.Ra1 Bb7 17.Ng3 g6 18.e4 Rxa1 19.Rxa1 Ra8 20.Rxa8+ Bxa8 21.e5 Ne8 22.Qa3 Qc7 
23.f4 Bb7 24.f5 Ng7 25.f6 Ne6 26.Nce2 Na4 27.Qc1 Qd8 28.h4 Qf8 29.Qd2 Nb6 30.h5 
Nc4 31.Qa2 Qxb4 32.Qa7 Nd8 33.Qb8 Qf8 34.Qc7 b4 35.Nf4 g5 36.Nf5 gxf4 37.Nh6+ 
Kh8 38.Qe7 Ne6 39.Nxf7+ Kg8 40.Nh6+ Qxh6 41.Qxe6+ Kf8 42.Qe7+ Kg8 43.f7+ 1-0

[Event "Turniej Niepodleglosci 2023"]
[Site "Warsaw POL"]
[Date "2023.11.11"]
[Round "1.4"]
[White "Janeczko, Jakub"]
[Black "Kanarek, Marcel"]
[Result "1-0"]
[WhiteElo "2013"]
[BlackElo "2396"]
[PlyCount "99"]

1.e4 c5 2.d3 g6 3.g3 Bg7 4.Bg2 Nc6 5.f4 e6 6.Nf3 Nge7 7.O-O O-O 8.c3 b5 9.Be3 
d6 10.d4 cxd4 11.cxd4 d5 12.e5 b4 13.Nbd2 Ba6 14.Re1 Na5 15.Nb3 Nxb3 16.axb3 
Bb5 17.g4 a5 18.Bf2 Qd7 19.Bh4 Nc6 20.Bf6 Bh6 21.Qd2 a4 22.bxa4 Rxa4 23.Rxa4 
Bxa4 24.Qf2 Bg7 25.Qh4 Qa7 26.Bxg7 Nxd4 27.Kh1 Kxg7 28.Qf2 Nc6 29.Qxa7 Nxa7 
30.Ra1 Rc8 31.h4 Rc2 32.Rxa4 Nc6 33.Ra6 d4 34.Ne1 Rxb2 35.Nd3 Rb1+ 36.Kh2 Ne7 
37.Rb6 b3 38.Nc5 Rc1 39.Nxb3 d3 40.Rd6 Rc3 41.Nd2 h5 42.Rd7 Nd5 43.Bxd5 exd5 
44.Rxd5 hxg4 45.Kg3 f5 46.Rd7+ Kf8 47.Kf2 Ke8 48.Rd6 Ke7 49.Rxg6 Ra3 50.Ke3 1-0

[Event "Turniej Niepodleglosci 2023"]
[Site "Warsaw POL"]
[Date "2023.11.11"]
[Round "1.5"]
[White "Golubka, Petro"]
[Black "Baturo, Tomasz"]
[Result "1-0"]
[WhiteElo "2390"]
[BlackElo "2010"]
[PlyCount "65"]

1.e4 c5 2.Nf3 Nc6 3.d4 cxd4 4.Nxd4 Nf6 5.Nc3 e5 6.Ndb5 d6 7.Nd5 Nxd5 8.exd5 Nb8 
9.c4 Be7 10.c5 O-O 11.cxd6 Bxd6 12.Be2 Na6 13.O-O Nc7 14.Nc3 f5 15.f3 b6 16.Be3 
Bb7 17.Bc4 Rc8 18.a4 Ba6 19.Bxa6 Nxa6 20.Qe2 Nb4 21.Rad1 Qe7 22.Kh1 Rfd8 
23.Rfe1 Re8 24.g3 Qb7 25.Nb5 Bf8 26.d6 Rc2 27.Rd2 Rxd2 28.Bxd2 Nc6 29.Bc3 e4 
30.Nc7 Rd8 31.Qc4+ Kh8 32.Qf7 Qc8 33.Ne6 1-0

[Event "Turniej Niepodleglosci 2023"]
[Site "Warsaw POL"]
[Date "2023.11.11"]
[Round "1.6"]
[White "Dalkowski, Rafal"]
[Black "Jakubowski, Krzysztof"]
[Result "0-1"]
[WhiteElo "2008"]
[BlackElo "2367"]
[PlyCount "58"]

1.d4 Nf6 2.c4 e6 3.Nf3 b6 4.g3 Ba6 5.Qc2 c5 6.d5 exd5 7.cxd5 d6 8.Bg2 Be7 9.Nc3 
O-O 10.O-O b5 11.Re1 Nbd7 12.e4 Re8 13.a4 b4 14.Nb1 Ng4 15.Nbd2 Bf6 16.Nc4 b3 
17.Qxb3 Rb8 18.Qc2 Bxc4 19.Qxc4 Bxb2 20.Rb1 Rb4 21.Qa6 Bd4 22.Nxd4 Rxb1 23.Nf5 
Qf6 24.Qxd6 Qxf5 25.exf5 Rxe1+ 26.Bf1 Rbxc1 27.Qxd7 Rxf1+ 28.Kg2 Rxf2+ 29.Kh3 
h5 0-1

[Event "Turniej Niepodleglosci 2023"]
[Site "Warsaw POL"]
[Date "2023.11.11"]
[Round "1.7"]
[White "Kuzmicz, Krystian"]
[Black "Siekanska, Maria"]
[Result "1/2-1/2"]
[WhiteElo "2359"]
[BlackElo "2006"]
[PlyCount "105"]

1.g3 c5 2.Bg2 d5 3.c4 e6 4.Nf3 Nc6 5.O-O Nf6 6.cxd5 exd5 7.d4 Be7 8.Nc3 O-O 
9.Be3 c4 10.Ne5 a6 11.f4 Re8 12.Bf2 Bf8 13.e3 Be6 14.h3 h5 15.Kh2 Qc8 16.Rc1 b5 
17.a3 Rb8 18.Qf3 g6 19.e4 dxe4 20.Nxe4 Nxe4 21.Qxe4 Ne7 22.Qe1 Bd5 23.b3 Bxg2 
24.Kxg2 Qb7+ 25.Kh2 cxb3 26.Qe3 Nd5 27.Qxb3 Rbc8 28.Rfd1 h4 29.Rc5 hxg3+ 
30.Bxg3 Bxc5 31.dxc5 Rxc5 32.Qf3 Qc7 33.Rxd5 Rxd5 34.Qxd5 Rd8 35.Qa2 Rc8 36.Qg2 
Qc2 37.Bf2 Rd8 38.Qf3 Rd2 39.Kg3 Qd1 40.Qa8+ Kg7 41.Qxa6 Qb3+ 42.Nf3 Rd3 43.Qc6 
Qxa3 44.Kg4 Qb3 45.Bd4+ Rxd4 46.Nxd4 Qd1+ 47.Nf3 b4 48.Qc4 b3 49.Qc3+ Kg8 
50.Qc8+ Kg7 51.Qc3+ Kg8 52.Qc8+ Kg7 53.Qc3+ 1/2-1/2

[Event "Turniej Niepodleglosci 2023"]
[Site "Warsaw POL"]
[Date "2023.11.11"]
[Round "1.8"]
[White "Majek, Kacper"]
[Black "Gdanski, Jacek"]
[Result "0-1"]
[WhiteElo "2004"]
[BlackElo "2356"]
[PlyCount "38"]

1.e4 e6 2.d4 d5 3.Nc3 Bb4 4.e5 Ne7 5.Qg4 c5 6.a3 Qa5 7.Bd2 cxd4 8.Nb1 Bxd2+ 
9.Nxd2 O-O 10.Bd3 f5 11.exf6 Rxf6 12.Nf3 Nbc6 13.Nxd4 e5 14.Nxc6 Nxc6 15.Qh5 e4 
16.Be2 Be6 17.Rd1 Nd4 18.Kf1 Raf8 19.Nxe4 dxe4 0-1

[Event "Turniej Niepodleglosci 2023"]
[Site "Warsaw POL"]
[Date "2023.11.11"]
[Round "1.9"]
[White "Baum, Jonasz"]
[Black "Slomczewski, Michal"]
[Result "1-0"]
[WhiteElo "2323"]
[BlackElo "1994"]
[PlyCount "113"]

1.d4 c5 2.d5 e6 3.c4 Nf6 4.Nc3 exd5 5.cxd5 d6 6.e4 g6 7.f4 Bg7 8.Bb5+ Nfd7 
9.Nf3 O-O 10.O-O a6 11.Bd3 b5 12.Kh1 c4 13.Bc2 Nc5 14.f5 Re8 15.Bg5 Qc7 16.a3 
Nbd7 17.Qd2 Ne5 18.f6 h6 19.Nxe5 Rxe5 20.Bxh6 Bh8 21.Be3 Nd7 22.Bd4 Rh5 23.Bd1 
Rh7 24.Bg4 Nc5 25.Bd1 Rb8 26.Qe3 Nd3 27.Bc2 Ne5 28.Bd1 a5 29.a4 b4 30.Nb5 Qd8 
31.Nxd6 Qxd6 32.Qf4 Bxf6 33.Qxf6 Qxf6 34.Rxf6 Nd3 35.Rc6 Rh4 36.Bf3 c3 37.bxc3 
b3 38.Rd6 Bg4 39.Bf6 Bxf3 40.gxf3 Rf4 41.Rb1 Rxf3 42.Rxb3 Rc8 43.Rbb6 Rf1+ 
44.Kg2 Rf2+ 45.Kg3 Kh7 46.Rb7 Kg8 47.Bd4 Rf1 48.Rdd7 Ne1 49.Rdc7 Rf3+ 50.Kg4 
Re8 51.Re7 Rc8 52.d6 Rd8 53.d7 f5+ 54.exf5 Rxf5 55.Re8+ Rf8 56.Rxd8 Rxd8 57.Bf6 1-0

[Event "Turniej Niepodleglosci 2023"]
[Site "Warsaw POL"]
[Date "2023.11.11"]
[Round "1.10"]
[White "Osiecki, Stanislaw"]
[Black "Mis, Mieszko"]
[Result "0-1"]
[WhiteElo "1990"]
[BlackElo "2321"]
[PlyCount "99"]

1.e4 c6 2.d4 d5 3.e5 Bf5 4.Bd3 Bxd3 5.Qxd3 e6 6.Ne2 Qa5+ 7.c3 Qa6 8.Qf3 c5 
9.O-O Nc6 10.Be3 Nge7 11.Nf4 Rd8 12.Nh5 Qd3 13.Rd1 Qf5 14.Qe2 h6 15.Nd2 Qh7 
16.Nf3 cxd4 17.cxd4 a6 18.Rac1 Nf5 19.Rxc6 bxc6 20.Qxa6 Be7 21.Qxc6+ Kf8 22.a4 
Nxe3 23.fxe3 Qe4 24.Kf2 Rb8 25.Rd2 Qf5 26.Ng3 Qb1 27.Qc7 Re8 28.a5 g6 29.a6 Kg7 
30.a7 Bb4 31.Rc2 Ba5 32.Qc6 Ra8 33.Nd2 Bxd2 34.Rxd2 Rxa7 35.h4 Ra1 36.Kf3 Qc1 
37.Rc2 Qd1+ 38.Ne2 Qd3 39.Kf2 Qf5+ 40.Kg3 h5 41.Kh2 Qg4 42.g3 Qf3 43.Ng1 Qf1 
44.Rg2 Re1 45.Qd7 Rb8 46.Qe7 Kh7 47.b4 Rc8 48.b5 Rb1 49.Qd7 Rcc1 50.Kh3 0-1

[Event "Turniej Niepodleglosci 2023"]
[Site "Warsaw POL"]
[Date "2023.11.11"]
[Round "1.11"]
[White "Cukrowski, Filip"]
[Black "Jarocka, Liwia"]
[Result "1-0"]
[WhiteElo "2298"]
[BlackElo "1975"]
[PlyCount "53"]

1.d4 d5 2.c4 e6 3.Nf3 a6 4.Nc3 dxc4 5.a4 c5 6.e4 cxd4 7.Qxd4 Qxd4 8.Nxd4 Bb4 
9.Bxc4 Nf6 10.f3 e5 11.Nc2 Bxc3+ 12.bxc3 Be6 13.Bxe6 fxe6 14.Rb1 Nbd7 15.Rxb7 
Nc5 16.Rxg7 Rc8 17.O-O Nxa4 18.Bg5 Rf8 19.Ra1 Nxc3 20.Rxa6 Ne2+ 21.Kf1 Nf4 
22.Bxf4 exf4 23.Rxe6+ Kd8 24.Nd4 Rc1+ 25.Ke2 Ne8 26.Ra7 Rg8 27.Nc6+ 1-0

[Event "Turniej Niepodleglosci 2023"]
[Site "Warsaw POL"]
[Date "2023.11.11"]
[Round "1.12"]
[White "Zielonka, Adam"]
[Black "Eggink, Ryszard"]
[Result "0-1"]
[WhiteElo "1971"]
[BlackElo "2283"]
[PlyCount "66"]

1.c4 Nf6 2.Nc3 e6 3.e4 d5 4.e5 d4 5.exf6 dxc3 6.fxg7 cxd2+ 7.Qxd2 Qxd2+ 8.Bxd2 
Bxg7 9.O-O-O b6 10.Bf4 Na6 11.Be2 Bb7 12.Bf3 Bxf3 13.Nxf3 O-O 14.Be5 Rfd8 15.a3 
Bxe5 16.Nxe5 Rd6 17.b4 Kf8 18.Kc2 f6 19.Rxd6 cxd6 20.Nc6 Rc8 21.Nxa7 Rxc4+ 
22.Kd3 d5 23.Nb5 Ke7 24.Re1 e5 25.f3 Kd7 26.Rd1 Nc7 27.Nc3 b5 28.Ne2 Kd6 29.g4 
Ne6 30.h4 Nd4 31.Nc3 Nxf3 32.Nxb5+ Kc6 33.Na7+ Kb6 0-1

[Event "Turniej Niepodleglosci 2023"]
[Site "Warsaw POL"]
[Date "2023.11.11"]
[Round "1.13"]
[White "Nguyen, Piotr"]
[Black "Dylag, Emilia"]
[Result "1-0"]
[WhiteElo "2275"]
[BlackElo "1965"]
[PlyCount "79"]

1.c4 Nf6 2.g3 e6 3.Bg2 d5 4.Nf3 Be7 5.O-O O-O 6.b3 c5 7.Bb2 Nc6 8.e3 b6 9.Nc3 
Bb7 10.cxd5 exd5 11.d4 Rc8 12.Rc1 Re8 13.Bh3 Rb8 14.Re1 cxd4 15.Nxd4 Nxd4 
16.Qxd4 Bc5 17.Qa4 Qe7 18.Red1 Ba8 19.Bg2 Rbd8 20.Nb5 d4 21.Bxa8 dxe3 22.Bf3 
exf2+ 23.Kg2 Rxd1 24.Rxd1 Qe1 25.Qc4 Ne4 26.Bc1 Qg1+ 27.Kh3 h6 28.b4 f1=Q+ 
29.Rxf1 Nf2+ 30.Rxf2 Qxf2 31.Bc6 Re5 32.g4 h5 33.g5 Be7 34.Qf4 Qe2 35.Qf3 Qe1 
36.Bd5 Kh7 37.Qxh5+ Kg8 38.Qxf7+ Kh7 39.g6+ Kh8 40.Qg8# 1-0

[Event "Turniej Niepodleglosci 2023"]
[Site "Warsaw POL"]
[Date "2023.11.11"]
[Round "1.14"]
[White "Adamski, Jan"]
[Black "Nurkiewicz, Maciej"]
[Result "1/2-1/2"]
[WhiteElo "1955"]
[BlackElo "2264"]
[PlyCount "41"]

1.Nf3 d5 2.c4 d4 3.g3 c5 4.Bg2 Nc6 5.O-O Nf6 6.d3 e5 7.e3 Be7 8.exd4 exd4 9.Bf4 
O-O 10.Ne5 Nxe5 11.Bxe5 Qb6 12.Bxf6 Bxf6 13.Qc2 Bf5 14.Nd2 Rae8 15.Rfe1 h5 
16.h4 g6 17.Ne4 Bxe4 18.Rxe4 Rxe4 19.Bxe4 Re8 20.Qb3 Re7 21.Qxb6 1/2-1/2

[Event "Turniej Niepodleglosci 2023"]
[Site "Warsaw POL"]
[Date "2023.11.11"]
[Round "1.15"]
[White "Kokoszczynski, Jan"]
[Black "Kazmierowski, Tymon"]
[Result "1-0"]
[WhiteElo "2257"]
[BlackElo "1948"]
[PlyCount "60"]

1.d4 Nf6 2.Nf3 e6 3.Bf4 c5 4.e3 cxd4 5.exd4 b6 6.Nbd2 Be7 7.c3 O-O 8.Bd3 Ba6 
9.Bxa6 Nxa6 10.Qe2 Nc7 11.O-O d6 12.Rfe1 Nh5 13.Be3 Nd5 14.Nf1 Nxe3 15.Nxe3 Re8 
16.a4 Qd7 17.Qc4 Nf6 18.Ng4 Rad8 19.Nxf6+ Bxf6 20.Nd2 g6 21.h3 Bg7 22.Rad1 e5 
23.dxe5 dxe5 24.Qb5 Qxb5 25.Nc4 f6 26.axb5 Kf8 27.Kf1 Ke7 28.Ke2 Rd7 29.Ne3 Ke6 
30.c4 Red8 1-0

[Event "Turniej Niepodleglosci 2023"]
[Site "Warsaw POL"]
[Date "2023.11.11"]
[Round "1.16"]
[White "Delega, Tomasz"]
[Black "Szustakowski, Antoni"]
[Result "0-1"]
[WhiteElo "1939"]
[BlackElo "2256"]
[PlyCount "88"]

1.e4 c5 2.Nf3 e6 3.d4 cxd4 4.Nxd4 a6 5.Nc3 Qc7 6.Bd3 Nf6 7.O-O Be7 8.Kh1 d6 
9.f4 O-O 10.a4 Nbd7 11.Be3 b6 12.Nb3 Bb7 13.Qe2 d5 14.e5 Ne4 15.Bxe4 dxe4 
16.Bg1 Rac8 17.Rac1 Qc6 18.Rfe1 Bb4 19.Nd4 Qc7 20.Qg4 Rfd8 21.Re3 Bf8 22.Nb3 
Nc5 23.Nxc5 bxc5 24.Nxe4 Bxe4 25.Rxe4 Qc6 26.Rc4 Rd5 27.b3 Rcd8 28.Rc3 g6 
29.Qf3 Qd7 30.h3 h5 31.Kh2 Qe7 32.Be3 Bh6 33.Qf2 Rc8 34.Re1 f6 35.exf6 Qxf6 
36.Rc4 Qf5 37.h4 Rf8 38.g3 e5 39.Qg2 Rfd8 40.Rxc5 Rxc5 41.Bxc5 exf4 42.Qe4 Rd2+ 
43.Kg1 Qxc5+ 44.Kh1 Qd5 0-1

[Event "Turniej Niepodleglosci 2023"]
[Site "Warsaw POL"]
[Date "2023.11.11"]
[Round "1.17"]
[White "Przedmojski, Rafal"]
[Black "Dylong, Antoni"]
[Result "1-0"]
[WhiteElo "2240"]
[BlackElo "1938"]
[PlyCount "95"]

1.d4 c5 2.d5 g6 3.e4 Bg7 4.Nf3 d6 5.Bb5+ Nd7 6.a4 Nf6 7.Nc3 O-O 8.O-O Ne8 9.Re1 
Ne5 10.Nd2 Nc7 11.Bf1 Rb8 12.h3 e6 13.f4 Nd7 14.Nc4 Nb6 15.Nxb6 axb6 16.Be3 
exd5 17.exd5 Re8 18.Qd2 Bd7 19.Kh2 Ra8 20.Ra3 b5 21.Bxb5 Bxb5 22.Nxb5 Nxb5 
23.axb5 Bxb2 24.Rxa8 Qxa8 25.c3 Qa3 26.Bxc5 Qa8 27.Rxe8+ Qxe8 28.Bxd6 Qxb5 
29.Be5 Ba3 30.d6 Qd7 31.Qd5 Kf8 32.c4 f6 33.Bxf6 Qxd6 34.Qxd6+ Bxd6 35.Kg3 Kf7 
36.Be5 Ke6 37.Bd4 Kf5 38.Kf3 h5 39.g4+ hxg4+ 40.hxg4+ Ke6 41.Ke4 Bf8 42.Be5 Be7 
43.f5+ gxf5+ 44.gxf5+ Kd7 45.Kd5 Bf8 46.f6 Ke8 47.Bd6 Bh6 48.Ke4 1-0

[Event "Turniej Niepodleglosci 2023"]
[Site "Warsaw POL"]
[Date "2023.11.11"]
[Round "1.18"]
[White "Gorniewicz, Oskar"]
[Black "Pacan-milej, Kosma"]
[Result "0-1"]
[WhiteElo "1936"]
[BlackElo "2232"]
[PlyCount "86"]

1.g4 e5 2.Bg2 d5 3.c4 d4 4.d3 Nc6 5.g5 Bd6 6.h4 h5 7.Nd2 Nge7 8.Ne4 Ng6 9.Qa4 
O-O 10.Bd2 a5 11.Bf3 Bg4 12.Bxg4 hxg4 13.h5 Nf4 14.Bxf4 exf4 15.Qb5 Nb4 16.Kf1 
Qe8 17.Qf5 Qe6 18.Nxd6 cxd6 19.Qxf4 f5 20.h6 Qe5 21.h7+ Kh8 22.Qd2 f4 23.f3 g3 
24.Nh3 Rae8 25.a3 Nc6 26.b4 Ne7 27.b5 Ng6 28.Ra2 Nh4 29.Rg1 Qf5 30.Nxf4 Qxf4 
31.Qxf4 Rxf4 32.Rxg3 Kxh7 33.Kf2 Kg6 34.Ra1 Nf5 35.Rh3 Kxg5 36.Rg1+ Kf6 37.Rh5 
Rh4 38.Rxh4 Nxh4 39.Rg4 Nf5 40.Ke1 d5 41.cxd5 Rd8 42.a4 Rxd5 43.Kf1 Ne3+ 0-1

[Event "Turniej Niepodleglosci 2023"]
[Site "Warsaw POL"]
[Date "2023.11.11"]
[Round "1.19"]
[White "Bartel, Michal"]
[Black "Tsiapko, Andrii"]
[Result "1-0"]
[WhiteElo "2220"]
[BlackElo "1931"]
[PlyCount "45"]

1.e4 c5 2.Ne2 Nc6 3.g3 g6 4.Bg2 Bg7 5.c3 d6 6.d4 cxd4 7.cxd4 Qb6 8.Be3 Nf6 
9.Nbc3 Ng4 10.O-O Nxe3 11.fxe3 O-O 12.Qb3 Qa6 13.Rf2 Na5 14.Qc2 Nc4 15.Nd5 Bg4 
16.b3 Na3 17.Qb2 Bxe2 18.Rxe2 Rad8 19.Nxe7+ Kh8 20.Rf2 Nb5 21.Nd5 Qc6 22.Rc1 
Qd7 23.a4 1-0

[Event "Turniej Niepodleglosci 2023"]
[Site "Warsaw POL"]
[Date "2023.11.11"]
[Round "1.20"]
[White "Goslawski, Michal"]
[Black "Chomczyk, Marek"]
[Result "0-1"]
[WhiteElo "1926"]
[BlackElo "2211"]
[PlyCount "68"]

1.Nf3 Nf6 2.c4 g6 3.g3 Bg7 4.Bg2 O-O 5.O-O d6 6.d4 c5 7.Nc3 Nc6 8.dxc5 dxc5 
9.Be3 Be6 10.Bxc5 Qa5 11.Be3 Bxc4 12.Qc1 Rac8 13.Bh6 Rfd8 14.Bxg7 Kxg7 15.a3 
Qh5 16.Qg5 Qxg5 17.Nxg5 Rd2 18.b4 b6 19.Rfd1 Rc2 20.Rac1 Bb3 21.Rxc2 Bxc2 
22.Rd2 Nxb4 23.Nb5 Bf5 24.axb4 Rc1+ 25.Bf1 h6 26.Nd4 hxg5 27.Nxf5+ gxf5 28.Ra2 
Rc7 29.Kg2 Nd5 30.b5 f4 31.Rd2 Rc5 32.Rb2 e5 33.Kf3 f5 34.e4 g4+ 0-1

[Event "Turniej Niepodleglosci 2023"]
[Site "Warsaw POL"]
[Date "2023.11.11"]
[Round "2.1"]
[White "Redzisz, Michal"]
[Black "Piorun, Kacper"]
[Result "0-1"]
[WhiteElo "2122"]
[BlackElo "2502"]
[PlyCount "68"]

1.e4 e6 2.d4 d5 3.exd5 exd5 4.Nf3 Bd6 5.c4 Nf6 6.Qe2+ Be7 7.Qc2 dxc4 8.Bxc4 O-O 
9.Be3 Nc6 10.O-O Bg4 11.Nbd2 Nd5 12.Qe4 Be6 13.Rad1 Nf6 14.Qb1 Bxc4 15.Nxc4 Qd5 
16.Nce5 Bd6 17.Rfe1 Rfe8 18.Bg5 Re6 19.Nxc6 bxc6 20.Rxe6 fxe6 21.Bxf6 gxf6 
22.b3 Rd8 23.Rc1 c5 24.Rc4 Qh5 25.Qe4 Kf7 26.g3 cxd4 27.Nxd4 Qh3 28.Nxe6 Re8 
29.Nc5 Rxe4 30.Nxe4 Qe6 31.Kg2 Qd5 32.Kh3 f5 33.Nc3 Qf3 34.Nb5 Qxf2 0-1

[Event "Turniej Niepodleglosci 2023"]
[Site "Warsaw POL"]
[Date "2023.11.11"]
[Round "2.2"]
[White "Heberla, Bartlomiej"]
[Black "Malicka, Maria"]
[Result "1-0"]
[WhiteElo "2481"]
[BlackElo "2149"]
[PlyCount "81"]

1.d4 Nf6 2.c4 e6 3.Nc3 Bb4 4.e3 O-O 5.Bd2 b6 6.Nf3 Bb7 7.Bd3 Bxc3 8.Bxc3 Ne4 
9.Bb4 d6 10.O-O c5 11.Be1 Nd7 12.Nd2 Ndf6 13.f3 Nxd2 14.Qxd2 cxd4 15.exd4 d5 
16.c5 bxc5 17.dxc5 e5 18.b4 e4 19.fxe4 dxe4 20.Bc4 Qxd2 21.Bxd2 Rad8 22.Bg5 Rd4 
23.Rac1 Nd5 24.Rfd1 Rxd1+ 25.Rxd1 Nxb4 26.Rd7 Ba6 27.Bb3 h6 28.Be7 Re8 29.Bd6 
Kh7 30.Bxf7 Rc8 31.Re7 Bd3 32.Be6 Rf8 33.h4 e3 34.Be5 Rg8 35.Bxg8+ Kxg8 36.Bg3 
e2 37.Kf2 Nc6 38.Rc7 Nd4 39.Re7 Nc6 40.Re3 Kf7 41.Rxd3 1-0

[Event "Turniej Niepodleglosci 2023"]
[Site "Warsaw POL"]
[Date "2023.11.11"]
[Round "2.3"]
[White "Krawczyk, Flawian"]
[Black "Krasenkow, Michal"]
[Result "1-0"]
[WhiteElo "2116"]
[BlackElo "2435"]
[PlyCount "91"]

1.e4 d6 2.d4 Nf6 3.Nc3 c6 4.f4 Qa5 5.Bd3 e5 6.Nf3 Bg4 7.dxe5 dxe5 8.h3 Bxf3 
9.Qxf3 Nbd7 10.Bd2 Qc7 11.O-O-O O-O-O 12.Rhe1 Bd6 13.f5 Nc5 14.Bc4 b5 15.Bf1 
Rd7 16.g4 h6 17.h4 Be7 18.g5 hxg5 19.hxg5 Nh5 20.f6 gxf6 21.Bh3 Ne6 22.g6 Nhg7 
23.gxf7 Kb8 24.Rg1 Rdd8 25.Be3 Ng5 26.Bxg5 fxg5 27.Bg4 Rhf8 28.Rh1 Bc5 29.Rxd8+ 
Rxd8 30.Qf6 Bf8 31.Rd1 Rxd1+ 32.Nxd1 Kb7 33.Nf2 Qb6 34.Kb1 Qd4 35.a3 Kc7 36.Nd3 
Qg1+ 37.Ka2 Qxg4 38.Qxe5+ Kb7 39.b3 Qe6 40.Qxg7 Qe7 41.Qg6 g4 42.b4 Kc7 43.Nc5 
Qd6 44.Qxg4 Qd2 45.Qg3+ Kc8 46.Qd3 1-0

[Event "Turniej Niepodleglosci 2023"]
[Site "Warsaw POL"]
[Date "2023.11.11"]
[Round "2.4"]
[White "Lada, Marek"]
[Black "Golubka, Petro"]
[Result "0-1"]
[WhiteElo "2102"]
[BlackElo "2390"]
[PlyCount "70"]

1.d4 d5 2.c4 e6 3.g3 Nf6 4.Bg2 Be7 5.Nf3 O-O 6.O-O c6 7.Qc2 a5 8.Nbd2 b5 9.c5 
b4 10.a4 Ba6 11.Re1 Nbd7 12.e4 dxe4 13.Nxe4 Nd5 14.Bg5 b3 15.Qd2 Nb4 16.Bxe7 
Qxe7 17.Red1 Bc4 18.Ne5 Nxe5 19.dxe5 Bd5 20.Nd6 f6 21.Qc3 Rab8 22.Rac1 Na2 
23.Qxa5 Ra8 24.Qe1 Nxc1 25.Rxc1 Bxg2 26.Kxg2 Rxa4 27.f4 Ra2 28.Qc3 fxe5 29.Qxb3 
Raa8 30.f5 Rf6 31.Re1 g6 32.Rxe5 gxf5 33.Rxf5 Rxf5 34.Nxf5 Qf6 35.Qb7 Rf8 0-1

[Event "Turniej Niepodleglosci 2023"]
[Site "Warsaw POL"]
[Date "2023.11.11"]
[Round "2.5"]
[White "Jakubowski, Krzysztof"]
[Black "Kubicka, Anna"]
[Result "1/2-1/2"]
[WhiteElo "2367"]
[BlackElo "2122"]
[PlyCount "108"]

1.c4 e5 2.Nc3 Nc6 3.g3 g6 4.Bg2 Bg7 5.e3 f5 6.Nge2 Nf6 7.d4 d6 8.b4 O-O 9.b5 
Ne7 10.a4 Kh8 11.dxe5 dxe5 12.Qxd8 Rxd8 13.Ba3 Nfg8 14.O-O c6 15.bxc6 bxc6 
16.Nb5 Rb8 17.Nd6 Be6 18.Rab1 Rxb1 19.Rxb1 Nc8 20.c5 Nxd6 21.cxd6 Bc4 22.Bf1 
Nf6 23.Nc1 Bxf1 24.Kxf1 Ne4 25.Rb7 Nxd6 26.Bxd6 Rxd6 27.Rb8+ Bf8 28.Rxf8+ Kg7 
29.Re8 Rd1+ 30.Ke2 Rxc1 31.Rxe5 Rc2+ 32.Kf3 Kf6 33.Ra5 c5 34.Ra6+ Ke5 35.h4 c4 
36.Rxa7 h5 37.Ra6 Ra2 38.Rxg6 Rxa4 39.Rc6 Kd5 40.Rf6 Ke5 41.Rf8 Ra2 42.Rc8 Kd5 
43.Rd8+ Ke5 44.Re8+ Kd5 45.Rc8 Rc2 46.Kg2 Ke4 47.Rc5 c3 48.Kf1 Rc1+ 49.Ke2 Rc2+ 
50.Ke1 Rc1+ 51.Ke2 Rc2+ 52.Ke1 Rc1+ 53.Ke2 Rc2+ 54.Ke1 Rc1+ 1/2-1/2

[Event "Turniej Niepodleglosci 2023"]
[Site "Warsaw POL"]
[Date "2023.11.11"]
[Round "2.6"]
[White "Gdanski, Jacek"]
[Black "Rekuc, Patryk"]
[Result "1-0"]
[WhiteElo "2356"]
[BlackElo "2103"]
[PlyCount "113"]

1.e4 c5 2.Nf3 d6 3.d4 cxd4 4.Nxd4 Nf6 5.Nc3 a6 6.Bc4 e6 7.Bb3 Be7 8.f4 Qc7 9.f5 
d5 10.fxe6 fxe6 11.exd5 exd5 12.O-O Nc6 13.Kh1 Qa5 14.Bg5 Bg4 15.Nxc6 bxc6 
16.Qe1 Qb4 17.Bxf6 gxf6 18.Bxd5 cxd5 19.Nxd5 Qd6 20.Nxf6+ Kd8 21.Nxg4 Kc7 
22.Rd1 Qc5 23.Qe5+ Qxe5 24.Nxe5 Rad8 25.g3 Rxd1 26.Rxd1 Bf6 27.Nc4 Re8 28.Rd2 
Re1+ 29.Kg2 Ra1 30.a3 Ra2 31.c3 Bg7 32.Kf3 Kc6 33.Ke2 Kb5 34.Kd3 Ra1 35.Nd6+ 
Kc6 36.Nf5 Bf6 37.Kc4 Kc7 38.Rd6 Bg5 39.Rxa6 Rf1 40.Nd4 Bc1 41.b4 Rf2 42.Ra7+ 
Kb6 43.Rxh7 Bxa3 44.Rh6+ Kb7 45.h3 Bc1 46.Rg6 Rh2 47.h4 Be3 48.Nf5 Ba7 49.Kb5 
Re2 50.Rg7+ Ka8 51.g4 Bb8 52.h5 Re5+ 53.Kc4 Re4+ 54.Kb3 Re1 55.h6 Rf1 56.h7 Rf3 
57.Rg8 1-0

[Event "Turniej Niepodleglosci 2023"]
[Site "Warsaw POL"]
[Date "2023.11.11"]
[Round "2.7"]
[White "Siekanski, Janusz"]
[Black "Baum, Jonasz"]
[Result "0-1"]
[WhiteElo "2090"]
[BlackElo "2323"]
[PlyCount "68"]

1.d4 Nf6 2.c4 e6 3.Nc3 d5 4.cxd5 exd5 5.Bg5 c6 6.e3 h6 7.Bh4 Be7 8.Bd3 O-O 
9.Nge2 Re8 10.Qc2 Nbd7 11.O-O a5 12.f3 b5 13.Rae1 Bb7 14.e4 b4 15.Na4 dxe4 
16.fxe4 c5 17.e5 Nd5 18.Bxe7 Qxe7 19.Nxc5 Rac8 20.e6 fxe6 21.Bh7+ Kh8 22.Bg6 
Ne3 23.Qd3 Qg5 24.Ng3 Nxc5 25.Qxe3 Qxg6 26.dxc5 Qc2 27.Rf2 Qxc5 28.Qxc5 Rxc5 
29.Nf1 e5 30.Ne3 e4 31.h3 Ba6 32.Rf7 Bd3 33.Nf5 Bc4 34.Rc1 Rec8 0-1

[Event "Turniej Niepodleglosci 2023"]
[Site "Warsaw POL"]
[Date "2023.11.11"]
[Round "2.8"]
[White "Mis, Mieszko"]
[Black "Winski, Lukasz"]
[Result "1-0"]
[WhiteElo "2321"]
[BlackElo "2097"]
[PlyCount "42"]

1.d4 Nf6 2.c4 e6 3.Nc3 Bb4 4.e3 d5 5.Nf3 O-O 6.Bd2 b6 7.cxd5 exd5 8.Rc1 Re8 
9.Bd3 c5 10.O-O Bg4 11.Be2 Nbd7 12.dxc5 bxc5 13.a3 Ba5 14.Nxd5 Nxd5 15.Bxa5 
Qxa5 16.Qxd5 Rab8 17.b4 Qxa3 18.bxc5 Be6 19.Qd6 Rec8 20.Nd4 Nxc5 21.Nc6 Rxc6 1-0

[Event "Turniej Niepodleglosci 2023"]
[Site "Warsaw POL"]
[Date "2023.11.11"]
[Round "2.9"]
[White "Niezhentsev, Kyrylo"]
[Black "Cukrowski, Filip"]
[Result "0-1"]
[WhiteElo "2060"]
[BlackElo "2298"]
[PlyCount "140"]

1.e4 c5 2.Nf3 e6 3.g3 Nc6 4.Bg2 g6 5.O-O Bg7 6.Qe2 Nge7 7.d3 O-O 8.Rd1 d5 9.e5 
f6 10.exf6 Bxf6 11.Bh6 Bxb2 12.Bxf8 Qxf8 13.Nbd2 Bxa1 14.Rxa1 Qf6 15.Re1 Bd7 
16.Nb3 b6 17.c4 Re8 18.Nfd2 Kg7 19.f4 Nf5 20.Nf3 dxc4 21.dxc4 Nfd4 22.Nbxd4 
Nxd4 23.Qd3 Nxf3+ 24.Bxf3 Re7 25.Re5 Be8 26.Qe3 Bf7 27.g4 Rd7 28.g5 Qd8 29.Bg4 
Rd3 30.Qe4 Rc3 31.Kh1 Qd2 32.Be2 Rc1+ 33.Kg2 Rc2 34.Kf2 Qd4+ 35.Kf3 Qxe4+ 
36.Rxe4 Rxa2 37.Bd1 Rd2 38.Ba4 Kf8 39.h4 Ke7 40.Bb5 Rh2 41.Kg3 Ra2 42.Re3 a6 
43.Bc6 Kd6 44.Bb7 a5 45.Rb3 Kc7 46.Ba6 Rd2 47.Bb5 Rd4 48.Kf3 e5 49.fxe5 Bxc4 
50.Bxc4 Rxc4 51.e6 a4 52.e7 Kd7 53.Rxb6 Kxe7 54.Rb7+ Ke6 55.Rxh7 a3 56.Ra7 Rxh4 
57.Kg3 Rc4 58.Rxa3 Kf5 59.Ra6 Kxg5 60.Rc6 Kf5 61.Rc8 Rc3+ 62.Kf2 g5 63.Rf8+ Kg4 
64.Rc8 c4 65.Rc7 Rc2+ 66.Ke3 Kg3 67.Rg7 g4 68.Ke4 Rf2 69.Kd4 Rf4+ 70.Kc3 Kf2 0-1

[Event "Turniej Niepodleglosci 2023"]
[Site "Warsaw POL"]
[Date "2023.11.11"]
[Round "2.10"]
[White "Eggink, Ryszard"]
[Black "Bartel, Marta"]
[Result "0-1"]
[WhiteElo "2283"]
[BlackElo "2087"]
[PlyCount "105"]

1.d4 Nf6 2.c4 g6 3.Nc3 d5 4.cxd5 Nxd5 5.e4 Nxc3 6.bxc3 Bg7 7.Nf3 c5 8.Rb1 O-O 
9.Be2 Nc6 10.e5 Qc7 11.O-O Rd8 12.Qa4 Bf5 13.Rb2 cxd4 14.cxd4 Rac8 15.Be3 a6 
16.h3 Be4 17.Rc1 Qa5 18.Qxa5 Nxa5 19.Rxc8 Rxc8 20.Nd2 Bd5 21.Bf3 Bxf3 22.gxf3 
b5 23.Ne4 Nc4 24.Rc2 e6 25.Nc5 Rc6 26.a4 Bf8 27.Kg2 Bxc5 28.dxc5 Nxe5 29.axb5 
axb5 30.Rb2 Nc4 31.Rxb5 Nxe3+ 32.fxe3 Kg7 33.f4 Ra6 34.Kf3 Ra4 35.Ke2 Rc4 
36.Kd3 Rc1 37.Kd4 Rd1+ 38.Kc4 Rc1+ 39.Kb4 Kf6 40.Ka5 Re1 41.c6 Ke7 42.Kb6 Kd8 
43.Kb7 Rc1 44.Rb3 Rc2 45.e4 h5 46.h4 Rc1 47.Rb5 Rc4 48.f5 exf5 49.exf5 g5 
50.hxg5 h4 51.g6 fxg6 52.fxg6 h3 53.g7 0-1